Quels pays pratiquent la peine de mort en 2024 - Statistiques

Statistiques générales
  • Ce quiz a été pris 149 fois
    39 depuis la dernière actualisation
  • Le résultat moyen est 37 sur 49
Statistiques - réponses
Pays % Correct
Chine
97%
Cuba
97%
Yemen
94%
Afghanistan
91%
Corée du Nord
91%
Egypte
91%
Etats-Unis
91%
Inde
91%
Iran
91%
Libye
91%
Arabie Saoudite
88%
Indonésie
88%
Irak
88%
Japon
88%
Nigeria
88%
Qatar
88%
Syrie
88%
Thailande
88%
Bielorussie
85%
Oman
85%
Pakistan
85%
Soudan
85%
Vietnam
85%
Liban
82%
Jordanie
79%
Malaisie
79%
Somalie
79%
Zimbabwe
79%
Bangladesh
76%
Jamaique
76%
Soudan du Sud
76%
Birmanie
73%
Ethiopie
73%
Bahrein
70%
Koweit
70%
Bahamas
67%
Barbade
64%
Antigua et Barbuda
61%
Singapour
61%
Taiwan
61%
Dominique
58%
Ouganda
58%
Saint-Christophe-et-Nieves
58%
Guyana
55%
Saint-Vincent-et-les-Grenadines
55%
Botswana
52%
Sainte - Lucie
52%
Trinité et Tobago
52%
Palestine
21%
Aucun quiz correspondant
Distribution des résultats
% des personnes avec chaque résultat
Percentile par nombre de réponses
Votre historique - résultats
Vous n’avez pas pris ce quiz depuis la dernière actualisation